Statystyki dla Premierzy

Kliknij tutaj aby rozwiązać quiz!

Ogólne statystyki

  • Ten quiz został rozwiązany 51 razy
  • Średni wynik to 11 z 15

Statystyki odpowiedzi

PaństwoPremier% Poprawnych
Angela MerkelNiemcy
100%
Mateusz MorawieckiPolska
98%
Boris JohnsonWielka Brytania
96%
Andrej BabišCzechy
88%
Pedro SánchezHiszpania
88%
Sebastian KurzAustria
82%
Jean CastexFrancja
82%
Mette FrederiksenDania
76%
Igor MatovičSłowacja
67%
Denys SzmyhalUkraina
67%
Sophie WilmèsBelgia
57%
Sanna MarinFinlandia
55%
Edi RamaAlbania
43%
Scott John MorrisonAustralia
43%
Joseph NguteKamerun
14%

Rozkład punktacji

Percentyl według liczby udzielonych odpowiedzi

Procent ludzi z każdym wynikiem

Twoja historia wyników

Nie rozwiązałeś tego quizu